Southville International School and Colleges
Your cart is empty.
  • Cart
  • Lists
    Public lists Eva Luna New books Lux_list list_1
    Your lists Log in to create your own lists
  • Log in to your account
  • Your cookies
  • Search history
Southville International School and Colleges
  • Advanced search
  • Recent comments
  • Most popular
  • Libraries

Log in to your account

Log in with GOOGLE


If you do not have an external account, but do have a local account, you can still log in:

  1. Home
  2. MARC view: Making Puppets /
Normal view MARC view ISBD view

Making Puppets / (Record no. 112993)

[ view plain ]
MARC details
000 -LEADER
fixed length control field 00540nam a2200193 a 4500
001 - CONTROL NUMBER
control field 0320
005 - DATE AND TIME OF LATEST TRANSACTION
control field 20140414131958.0
008 - FIXED-LENGTH DATA ELEMENTS--GENERAL INFORMATION
fixed length control field 040909s19uu xx 00 eng d
020 ## - INTERNATIONAL STANDARD BOOK NUMBER
International Standard Book Number 0-7329-1668-2
050 ## - LIBRARY OF CONGRESS CALL NUMBER
Classification number TR 791.5
Item number H83 1993
100 ## - MAIN ENTRY--PERSONAL NAME
Personal name Howes, Jim
245 ## - TITLE STATEMENT
Title Making Puppets /
Statement of responsibility, etc By Jim Howes ; illustrated by Sharyn Madder.
260 ## - PUBLICATION, DISTRIBUTION, ETC. (IMPRINT)
Place of publication, distribution, etc Australia :
Name of publisher, distributor, etc Macmillan Education Australia,
Date of publication, distribution, etc 1993.
300 ## - PHYSICAL DESCRIPTION
Extent 16 p. : ill. ; cm.
650 ## - SUBJECT ADDED ENTRY--TOPICAL TERM
Topical term or geographic name as entry element Puppetry and toy theaters.
Holdings
Withdrawn status Lost status Damaged status Use restrictions Home library Current library Shelving location Date acquired Source of acquisition Total Checkouts Full call number Barcode Date last seen Price effective from Koha item type
        Munich Library Munich Library Teachers Reference Section 09/09/2004     TR 791.5 H83 1993 M4424 04/14/2014 04/14/2014 Books
        Munich Library Munich Library Teachers Reference Section 09/09/2004     TR 791.5 H83 1993 M4423 04/14/2014 04/14/2014 Books
        Munich Library Munich Library Teachers Reference Section 09/10/2004     TR 791.5 H83 1993 M4422 04/14/2014 04/14/2014 Books

Making Puppets /

APA

Howes J., . (1993). Making Puppets. Australia: Macmillan Education Australia.

Chicago

Howes Jim, . 1993. Making Puppets. Australia: Macmillan Education Australia.

Harvard

Howes J., . (1993). Making Puppets. Australia: Macmillan Education Australia.

MLA

Howes Jim, . Making Puppets. Australia: Macmillan Education Australia. 1993.

  • Place hold
  • Print
  • Cite
  • Add to your cart (remove)
  • Save record
    BIBTEX Dublin Core MARCXML MARC (non-Unicode/MARC-8) MARC (Unicode/UTF-8) MARC (Unicode/UTF-8, Standard) MODS (XML) RIS
  • More searches
    Search for this title in:
    Other Libraries (WorldCat) Other Databases (Google Scholar) Online Stores (Bookfinder.com) Open Library (openlibrary.org)

Exporting to Dublin Core...

SOUTHVILLE LIBRARY

Southville International School and Colleges Library

1281 Tropical Ave. Cor. Luxembourg St., BF Homes International, Las Pinas City

Tel. No. 8256374 / 252358 Loc. 117/146

Powered by Koha